| 000 | 00471nam a2200157 i 4500 | ||
|---|---|---|---|
| 001 | 110873 | ||
| 003 | ES-MaACL | ||
| 007 | t| | ||
| 008 | 070209q19001930gw ||||1| ger d | ||
| 100 | 1 |
_aChamisso, Adelbert von. _937878 |
|
| 245 | 1 | 0 |
_aChamissos Werke in fünf teilen / _cauf Grund der Hempelsch.... von Max Sydow. |
| 260 |
_aBerlin ... [etc.] : _bBong, _c[19-?] |
||
| 300 |
_a5 t. en 2 v. ; _c19 cm. |
||
| 700 | 1 |
_aSydow, Max. _9108958 |
|
| 852 |
_aES-MaACL _jG-121-22 |
||
| 999 |
_c110873 _d110873 |
||